Migration in Southeast Asia (Запис № 574071)

МАРК-запис
000 -LEADER
fixed length control field 05869nam a22007215i 4500
001 - CONTROL NUMBER
control field 978-3-031-25748-3
003 - CONTROL NUMBER IDENTIFIER
control field DE-He213
005 - DATE AND TIME OF LATEST TRANSACTION
control field 20260304124445.0
007 - PHYSICAL DESCRIPTION FIXED FIELD--GENERAL INFORMATION
fixed length control field cr nn 008mamaa
008 - FIXED-LENGTH DATA ELEMENTS--GENERAL INFORMATION
fixed length control field 230321s2023 sz | s |||| 0|eng d
020 ## - INTERNATIONAL STANDARD BOOK NUMBER
International Standard Book Number 9783031257483
-- 978-3-031-25748-3
024 7# - OTHER STANDARD IDENTIFIER
Standard number or code 10.1007/978-3-031-25748-3
Source of number or code doi
050 #4 - LIBRARY OF CONGRESS CALL NUMBER
Classification number JV6001-9480
050 #4 - LIBRARY OF CONGRESS CALL NUMBER
Classification number HB1951-2577
072 #7 - SUBJECT CATEGORY CODE
Subject category code JFFN
Source bicssc
072 #7 - SUBJECT CATEGORY CODE
Subject category code SOC007000
Source bisacsh
072 #7 - SUBJECT CATEGORY CODE
Subject category code JBFH
Source thema
072 #7 - SUBJECT CATEGORY CODE
Subject category code RGCG
Source thema
082 04 - DEWEY DECIMAL CLASSIFICATION NUMBER
Classification number 304.8
Edition number 23
245 10 - TITLE STATEMENT
Title Migration in Southeast Asia
Medium [electronic resource] :
Remainder of title IMISCOE Regional Reader /
Statement of responsibility, etc edited by Sriprapha Petcharamesree, Mark P. Capaldi.
250 ## - EDITION STATEMENT
Edition statement 1st ed. 2023.
264 #1 -
-- Cham :
-- Springer International Publishing :
-- Imprint: Springer,
-- 2023.
300 ## - PHYSICAL DESCRIPTION
Extent XVI, 232 p. 1 illus.
Other physical details online resource.
336 ## -
-- text
-- txt
-- rdacontent
337 ## -
-- computer
-- c
-- rdamedia
338 ## -
-- online resource
-- cr
-- rdacarrier
341 0# -
-- Table of contents navigation
-- onix
341 0# -
-- Single logical reading order
-- onix
341 0# -
-- Short alternative textual descriptions
-- onix
341 0# -
-- Use of color is not sole means of conveying information
-- onix
341 0# -
-- Use of high contrast between text and background color
-- onix
341 0# -
-- Next / Previous structural navigation
-- onix
341 0# -
-- All non-decorative content supports reading without sight
-- onix
347 ## -
-- text file
-- PDF
-- rda
490 1# - SERIES STATEMENT
Series statement IMISCOE Research Series,
Міжнародний стандартний серійний номер для назви серії (ISSN) 2364-4095
505 0# - FORMATTED CONTENTS NOTE
Formatted contents note Chapter 1. Preface -- Chapter 2. Present-day Migration in Southeast Asia: Evolution, Flows and Migration Dynamics -- Part I: Citizenship and the Exclusive State -- Chapter 3. Borders, Citizenship, ‘Imagined Community’ and ‘Exclusive State’ and Migration in Southeast Asia -- Chapter 4. Birth Registration, Legal Identity and Impacts on Migration in ASEAN -- Chapter 5. Forgotten Stateless Vietnamese in Thailand -- Chapter 6. Gender, Race, Culture and Identity at the Internal Border of Marriage Migration of Vietnamese Women in South Korea -- Chapter 7. Rethinking Local Citizenship and Integration of Persons of Indonesian Descent in the Southern Philippines -- Part II: Borders, Migration and Access to Membership Goods -- Chapter 8. Citizenship and Legal Status in Healthcare: Access of Non-citizens in the ASEAN: A Comparative Case Study of Thailand and Malaysia -- Chapter 9. Labour Migration and Exclusive State amidst the Global Pandemic of COVID-19 -- Chapter 10. Accounting for Children’s Agency and Resilience in Independent Child Migration in Southeast Asia -- Part III: Forced Migration in Southeast Asia -- Chapter 11. The Refugees Vanish: Rohingya Movement, Emergency’s Temporality and Violence of the Indonesian Humanitarian Border -- Chapter 12. The Nexus between Corruption, Migrant Smuggling, and Human Trafficking in Southeast Asia -- Chapter 13. The Politics of Forced Migration in Southeast Asia.
506 0# - RESTRICTIONS ON ACCESS NOTE
Terms governing access Open Access
520 ## - SUMMARY, ETC.
Summary, etc This open access IMISCOE Regional Reader explores the issues faced by migrant groups in Southeast Asia and the challenges of getting of their human rights recognized. It analyses the different responses, or lack thereof, of the Association of Southeast Asian Nations (ASEAN) to these highly complex situations which are shaped by contemporary debates around borders and concepts of states, migrants’ rights as well as access to citizenship and how these concepts and paradigms are intertwined with issues such as agency and resilience of migrants. Crucial attention is given to the region’s lesser known populations and issues such as the Vietnamese in Thailand, people of Indonesian descent (PIDs) in Southern Philippines, independent child migrants across the region, and the vulnerabilities of migrant workers facing the COVID-19 pandemic. With its unique regional focus, this book provides a valuable resource to those studying human rights and migration issues, policy makers and researchers and students.
532 8# -
-- Accessibility summary: This PDF does not fully comply with PDF/UA standards, but does feature limited screen reader support, described non-text content (images, graphs), bookmarks for easy navigation and searchable, selectable text. Users of assistive technologies may experience difficulty navigating or interpreting content in this document. We recognize the importance of accessibility, and we welcome queries about accessibility for any of our products. If you have a question or an access need, please get in touch with us at accessibilitysupport@springernature.com.
532 8# -
-- No reading system accessibility options actively disabled
532 8# -
-- Publisher contact for further accessibility information: accessibilitysupport@springernature.com
650 #0 - SUBJECT ADDED ENTRY--TOPICAL TERM
Topical term or geographic name as entry element Emigration and immigration.
9 (RLIN) 607
650 #0 - SUBJECT ADDED ENTRY--TOPICAL TERM
Topical term or geographic name as entry element Human rights.
650 #0 - SUBJECT ADDED ENTRY--TOPICAL TERM
Topical term or geographic name as entry element Asia
General subdivision Politics and government.
650 14 - SUBJECT ADDED ENTRY--TOPICAL TERM
Topical term or geographic name as entry element Human Migration.
9 (RLIN) 610
650 24 - SUBJECT ADDED ENTRY--TOPICAL TERM
Topical term or geographic name as entry element Politics and Human Rights.
9 (RLIN) 331
650 24 - SUBJECT ADDED ENTRY--TOPICAL TERM
Topical term or geographic name as entry element Human Rights.
650 24 - SUBJECT ADDED ENTRY--TOPICAL TERM
Topical term or geographic name as entry element Asian Politics.
700 1# - ADDED ENTRY--PERSONAL NAME
Personal name Petcharamesree, Sriprapha.
Relator term editor.
Relator code edt
-- http://id.loc.gov/vocabulary/relators/edt
9 (RLIN) 23767
700 1# - ADDED ENTRY--PERSONAL NAME
Personal name Capaldi, Mark P.
Relator term editor.
-- (orcid)0000-0002-5453-0790
-- https://orcid.org/0000-0002-5453-0790
Relator code edt
-- http://id.loc.gov/vocabulary/relators/edt
9 (RLIN) 23768
710 2# - ADDED ENTRY--CORPORATE NAME
Corporate name or jurisdiction name as entry element SpringerLink (Online service)
773 0# - HOST ITEM ENTRY
Title Springer Nature eBook
776 08 - ADDITIONAL PHYSICAL FORM ENTRY
Display text Printed edition:
International Standard Book Number 9783031257476
776 08 - ADDITIONAL PHYSICAL FORM ENTRY
Display text Printed edition:
International Standard Book Number 9783031257490
776 08 - ADDITIONAL PHYSICAL FORM ENTRY
Display text Printed edition:
International Standard Book Number 9783031257506
830 #0 - SERIES ADDED ENTRY--UNIFORM TITLE
Uniform title IMISCOE Research Series,
-- 2364-4095
9 (RLIN) 615
856 40 - ELECTRONIC LOCATION AND ACCESS
Uniform Resource Identifier <a href="https://doi.org/10.1007/978-3-031-25748-3">https://doi.org/10.1007/978-3-031-25748-3</a>
912 ## -
-- ZDB-2-SLS
912 ## -
-- ZDB-2-SXS
912 ## -
-- ZDB-2-SOB

Немає доступних примірників.